Personnages de Hunter X Hunter par images - Statistiques

Statistiques générales
  • Ce quiz a été pris 6 551 fois
  • Le résultat moyen est 12 sur 20
Statistiques - réponses
Par images Réponse % Correct
Kirua Zoldyck
98%
Léolio
95%
Gon Freecss
89%
Hisoka
87%
Kurapika
83%
Meruem
79%
Neferupito
76%
Ging Freecss
75%
Mito Freecss
71%
Isaac Netero
66%
Irumi Zoldyck
64%
Feitan
61%
Kaito
60%
Biscuit Krueger
56%
Kuroro Lucifuru
55%
Silva Zoldyck
40%
Hanzo
28%
Zushi
28%
Neon Nostrad
21%
Koruto
12%
Aucun quiz correspondant
Distribution des résultats
% des personnes avec chaque résultat
Percentile par nombre de réponses
Votre historique - résultats
Vous n’avez pas pris ce quiz